Waging the war on drugs in Bolivia /

Saved in:
Bibliographic Details
Main Author: Williams, Jacqueline.
Corporate Author: Washington Office on Latin America.
Format: Book
Language:English
Published: Washington, D.C. : Washington Office on Latin America, 1997.
Series:WOLA background paper.
Subjects:
Tags: Add Tag
No Tags, Be the first to tag this record!
LEADER 01059nam a2200325Ia 4500
001 007715193-3
005 20080208130339.0
008 981105s1997 dcu b 000 0 eng d
020 |a 0929513363 (pbk.) 
020 |a 9780929513362 (pbk.) 
035 0 |a ocm40241842 
040 |a HVC  |c HVC  |d HVL 
043 |a s-bo---  |a n-us--- 
050 4 |a HV5840.B6  |b W54x 1997 
100 1 |a Williams, Jacqueline. 
245 1 0 |a Waging the war on drugs in Bolivia /  |c by Jacqueline Williams. 
260 |a Washington, D.C. :  |b Washington Office on Latin America,  |c 1997. 
300 |a 48 p. ;  |c 28 cm. 
490 1 |a WOLA background paper 
500 |a "February 28, 1997." 
504 |a Includes bibliographical references (p. 41-48). 
650 0 |a Drug traffic  |z Bolivia. 
650 0 |a Drug control  |z Bolivia. 
650 0 |a Drug traffic  |z United States. 
650 0 |a Drug control  |z United States. 
650 0 |a Drug control  |x International cooperation. 
710 2 |a Washington Office on Latin America. 
830 0 |a WOLA background paper. 
988 |a 20020608 
906 |0 OCLC